The art of computer programming / (Record no. 289)

MARC details
000 -LEADER
fixed length control field 02093cam a2200457 a 4500
001 - CONTROL NUMBER
control field 3821782
005 - DATE AND TIME OF LATEST TRANSACTION
control field 20200421093825.0
008 - FIXED-LENGTH DATA ELEMENTS--GENERAL INFORMATION
fixed length control field 041223m20059999nju b 001 0 eng
010 ## - LIBRARY OF CONGRESS CONTROL NUMBER
LC control number 2005041030
015 ## - NATIONAL BIBLIOGRAPHY NUMBER
National bibliography number GBA500537
020 ## - INTERNATIONAL STANDARD BOOK NUMBER
International Standard Book Number 0201853922 (v. 1. fasc. 1 : pbk.) :
Terms of availability No price
020 ## - INTERNATIONAL STANDARD BOOK NUMBER
International Standard Book Number 9780321534965 (v. 4. fasc. 0 : pbk.)
020 ## - INTERNATIONAL STANDARD BOOK NUMBER
International Standard Book Number 0321534964 (v. 4. fasc. 0 : pbk.)
020 ## - INTERNATIONAL STANDARD BOOK NUMBER
International Standard Book Number 9780321580504 (v. 4. fasc. 1 : pbk.)
020 ## - INTERNATIONAL STANDARD BOOK NUMBER
International Standard Book Number 0321580508 (v. 4. fasc. 1 : pbk.)
020 ## - INTERNATIONAL STANDARD BOOK NUMBER
International Standard Book Number 0201853930 (v. 4. fasc. 2 : pbk.) :
Terms of availability £10.99
020 ## - INTERNATIONAL STANDARD BOOK NUMBER
International Standard Book Number 9780201853940 (v. 4. fasc. 3 : pbk.)
020 ## - INTERNATIONAL STANDARD BOOK NUMBER
International Standard Book Number 0201853949 (v. 4. fasc. 3 : pbk.) :
Terms of availability £10.99
020 ## - INTERNATIONAL STANDARD BOOK NUMBER
International Standard Book Number 0321335708 (v. 4. fasc. 4 : pbk.) :
Terms of availability £13.99
035 ## - SYSTEM CONTROL NUMBER
System control number (Uk)013073960
035 ## - SYSTEM CONTROL NUMBER
System control number 1085428
040 ## - CATALOGING SOURCE
Original cataloging agency StDuBDS
042 ## - AUTHENTICATION CODE
Authentication code ukblsr
050 00 - LIBRARY OF CONGRESS CALL NUMBER
Classification number QA76.6
Item number .K64 2005
082 00 - DEWEY DECIMAL CLASSIFICATION NUMBER
Classification number 005.1
Edition information 22
100 1# - MAIN ENTRY--PERSONAL NAME
Personal name Knuth, Donald Ervin,
Dates associated with a name 1938-
9 (RLIN) 102
245 14 - TITLE STATEMENT
Title The art of computer programming /
Statement of responsibility, etc. Donald E. Knuth.
260 ## - PUBLICATION, DISTRIBUTION, ETC.
Place of publication, distribution, etc. Upper Saddle River, N.J. ;
-- London :
Name of publisher, distributor, etc. Addison-Wesley,
Date of publication, distribution, etc. c2005-
300 ## - PHYSICAL DESCRIPTION
Extent v. :
Other physical details ill. ;
Dimensions 25 cm.
504 ## - BIBLIOGRAPHY, ETC. NOTE
Bibliography, etc. note Includes bibliographical references and index.
505 1# - FORMATTED CONTENTS NOTE
Formatted contents note v. 1, fasc. 1. A RISC computer for the new millennium -- v. 4, facs. 0. Introduction to combinatorial algorithms and Boolean functions -- v. 4, fasc. 1. Bitwise tricks & techniques. Binary decision diagrams -- v. 4, fasc. 2. Generating all tuples and permutations -- v. 4, fasc. 3. Generating all combinations and partitions -- v. 4, fasc. 4. Generating all trees : history of combinatorial generation --
650 #0 - SUBJECT ADDED ENTRY--TOPICAL TERM
Topical term or geographic name entry element Computer programming.
9 (RLIN) 973
650 #0 - SUBJECT ADDED ENTRY--TOPICAL TERM
Topical term or geographic name entry element Computer algorithms.
740 02 - ADDED ENTRY--UNCONTROLLED RELATED/ANALYTICAL TITLE
Uncontrolled related/analytical title MMIX RISC computer for the new millennium.
740 02 - ADDED ENTRY--UNCONTROLLED RELATED/ANALYTICAL TITLE
Uncontrolled related/analytical title Introduction to combinatorial algorithms and Boolean functions.
740 02 - ADDED ENTRY--UNCONTROLLED RELATED/ANALYTICAL TITLE
Uncontrolled related/analytical title Bitwise tricks & techniques. Binary decision diagrams.
740 02 - ADDED ENTRY--UNCONTROLLED RELATED/ANALYTICAL TITLE
Uncontrolled related/analytical title Generating all tuples and permutations.
740 02 - ADDED ENTRY--UNCONTROLLED RELATED/ANALYTICAL TITLE
Uncontrolled related/analytical title Generating all combinations and partitions.
740 02 - ADDED ENTRY--UNCONTROLLED RELATED/ANALYTICAL TITLE
Uncontrolled related/analytical title Generating all trees : history of combinatorial generation.
942 ## - ADDED ENTRY ELEMENTS (KOHA)
Source of classification or shelving scheme Dewey Decimal Classification
Koha item type Books
Holdings
Withdrawn status Lost status Damaged status Not for loan Collection Home library Current library Shelving location Date acquired Barcode Date last seen Price effective from Koha item type
        Reference Fairview Fairview General stacks 09/04/2014 39999000012675 09/04/2014 09/04/2014 Books
        Reference Fairview Fairview General stacks 09/04/2014 39999000012699 09/04/2014 09/04/2014 Books
        Reference Fairview Fairview General stacks 09/04/2014 39999000012712 09/04/2014 09/04/2014 Books